000
00257nam a2200097Ia 4500
001
1188054
005
20250827021023.0
008
250824s9999 xx 000 0 und d
245
0
_a
ÇILGIN MUCİTLER KULÜBÜ
_c
HARUN ÇOLAK
260
_b
ATLI KARINCA YAYINLARI
999
_c
1188054
_d
1188054